000 00755nam a2200229 a 4500
005 20210223121353.0
008 991125 xal 000 0 spa u
020 _a9687213310
035 _aUPN01000016393
049 _aCG
050 4 _aQH315 D59
245 0 3 _aLa diversidad biológica de Iberoamerica I /
_cGonzalo Halffter, comp
260 _aXalapa :
_bInstituto de Ecología
300 _a389 p. +
_e3 mapas.
500 _a"Acta Zoológica Mexicana. Volumen especial 1992"
500 _a"CYTED-D Programa Iberoamericano de Ciencia y Tecnología para el Desarrollo"
650 4 _aBIOLOGIA -
_zAMERICA LATINA
_94223
650 4 _aINVESTIGACION BIOLOGICA
_94538
700 2 _aHalffter, Gonzalo,
_ecomp.
904 _aAC
_b016394
905 _aLibro
999 _c16393
_d16393